[Event "POR-chT"]
[Site "Vila Nova de Gaia"]
[Date "2004.08.08"]
[Round "7.3"]
[White "Ferreira, Antonio"]
[Black "Garrido Dominguez, Jesus"]
[Result "0-1"]
[WhiteElo "2242"]
[BlackElo "2246"]
[PlyCount "66"]
[EventDate "2004.08.02"]
[EventType "team"]
[EventRounds "7"]
[EventCountry "POR"]
[SourceTitle "EXT 2005"]
[Source "ChessBase"]
[SourceDate "2004.11.15"]
[SourceVersion "1"]
[SourceVersionDate "2004.11.15"]
[SourceQuality "1"]
[WhiteTeam "03"]
[BlackTeam "08"]
[WhiteTeamCountry "POR"]
[BlackTeamCountry "POR"]

1. e4 c5 2. Nf3 g6 3. c4 Bg7 4. d4 cxd4 5. Nxd4 Nc6 6. Be3 Nf6 7. Nc3 0-0 8. f3 Qb6 9. Na4 Qb4+ 10. Bd2 Qd6 11. Nc2 Qc7 12. Nc3 Nh5 13. Nd5 Qd8 14. Nc3 e6 15. g3 f5 16. exf5 exf5 17. f4 Re8+ 18. Be2 Qe7 19. Ne3 Nd4 20. Bxh5 gxh5 21. 0-0 b5 22. Ned5 Qc5 23. b4 Ne2+ 24. Kg2 Qxc4 25. Qb3 Bb7 26. Qxc4 bxc4 27. Kh3 Nxc3 28. Nxc3 d5 29. Rad1 d4 30. Nb5 Re2 31. Rfe1 Bg2+ 32. Kh4 Bf6+ 33. Kxh5 Bf3+ 0-1

[Event "Internet Section 17-B"]
[Site "Dos Hermanas"]
[Date "2003.03.17"]
[Round "2"]
[White "Pixton, Aaron"]
[Black "Ferreira, Antonio"]
[Result "1/2-1/2"]
[WhiteElo "2449"]
[BlackElo "2221"]
[PlyCount "157"]
[EventDate "2003.03.17"]
[EventType "swiss (blitz)"]
[EventRounds "9"]
[EventCountry "ESP"]
[SourceTitle "EXT 2004"]
[Source "ChessBase"]
[SourceDate "2003.11.25"]
[SourceVersion "1"]
[SourceVersionDate "2003.11.25"]
[SourceQuality "1"]

1. d4 g6 2. e4 Bg7 3. c4 d6 4. Nc3 Nf6 5. Bd3 0-0 6. Nge2 e5 7. d5 c6 8. 0-0 Nbd7 9. Be3 a5 10. f3 cxd5 11. cxd5 Nc5 12. Bc2 Bd7 13. a4 Ne8 14. Rb1 f5 15. exf5 gxf5 16. f4 Rc8 17. Qd2 Qh4 18. b4 axb4 19. Rxb4 Nf6 20. h3 e4 21. Nb5 Nd3 22. Bxd3 exd3 23. Qxd3 Ne4 24. Bd4 Rf7 25. Na7 Rb8 26. Nc6 Re8 27. Rxb7 Nc5 28. Bxc5 dxc5 29. Kh2 Bf6 30. Ng3 Rg7 31. Nxf5 Bxf5 32. Rxg7+ Kxg7 33. Qxf5 Re3 34. Ne5 Qg3+ 35. Kh1 Re2 36. Qg4+ Qxg4 37. Nxg4 Bb2 38. d6 c4 39. Rd1 Re8 40. Ne5 c3 41. Nc6 c2 42. Rf1 c1Q 43. Rxc1 Bxc1 44. d7 Re1+ 45. Kh2 Bxf4+ 46. g3 Bc7 47. d8Q Bxd8 48. Nxd8 Ra1 49. Ne6+ Kf6 50. Nf4 Rxa4 51. h4 Kf5 52. Kh3 Ra3 53. Nh5 h6 54. Nf4 Ra2 55. Nh5 Rf2 56. Nf4 Ke4 57. Kg4 Ra2 58. Kh5 Ra6 59. Ng6 Kf3 60. Kxh6 Kxg3 61. h5 Kg4 62. Kg7 Kxh5 63. Nf8 Kg5 64. Kf7 Kf5 65. Ke8 Rd6 66. Ke7 Rd1 67. Kf7 Ra1 68. Ke7 Ra7+ 69. Ke8 Kf6 70. Nd7+ Ke6 71. Nf8+ Kd6 72. Ng6 Rg7 73. Nf8 Rg8 74. Kf7 Rg1 75. Ke8 Rf1 76. Ng6 Rf6 77. Nf8 Kc6 78. Ke7 Rxf8 79. Kxf8 1/2-1/2

[Event "Internet Section 16-A"]
[Site "Dos Hermanas"]
[Date "2003.03.16"]
[Round "4"]
[White "Grischuk, Alexander"]
[Black "Ferreira, Antonio"]
[Result "1-0"]
[WhiteElo "2712"]
[BlackElo "2221"]
[PlyCount "39"]
[EventDate "2003.03.16"]
[EventType "swiss (blitz)"]
[EventRounds "9"]
[EventCountry "ESP"]
[SourceTitle "EXT 2004"]
[Source "ChessBase"]
[SourceDate "2003.11.25"]
[SourceVersion "1"]
[SourceVersionDate "2003.11.25"]
[SourceQuality "1"]

1. e4 c5 2. Nf3 d6 3. d4 cxd4 4. Nxd4 Nf6 5. Nc3 g6 6. Be3 Bg7 7. f3 0-0 8. Qd2 Nc6 9. Bc4 Bd7 10. 0-0-0 Rc8 11. Bb3 Nxd4 12. Bxd4 b5 13. Nd5 Nxd5 14. Bxd5 e6 15. Bb3 a5 16. Bxg7 Kxg7 17. Qxd6 a4 18. Qxd7 Qa5 19. Bxe6 a3 20. Qd4+ 1-0

[Event "Internet Section 16-A"]
[Site "Dos Hermanas"]
[Date "2003.03.16"]
[Round "2"]
[White "Jaracz, Pawel"]
[Black "Ferreira, Antonio"]
[Result "1-0"]
[WhiteElo "2546"]
[BlackElo "2221"]
[PlyCount "123"]
[EventDate "2003.03.16"]
[EventType "swiss (blitz)"]
[EventRounds "9"]
[EventCountry "ESP"]
[SourceTitle "EXT 2004"]
[Source "ChessBase"]
[SourceDate "2003.11.25"]
[SourceVersion "1"]
[SourceVersionDate "2003.11.25"]
[SourceQuality "1"]

1. d4 Nf6 2. Nf3 g6 3. c4 Bg7 4. Nc3 0-0 5. e4 d6 6. Be2 e5 7. 0-0 Nc6 8. d5 Ne7 9. Bg5 h6 10. Bxf6 Bxf6 11. b4 c6 12. Rc1 cxd5 13. cxd5 a6 14. a4 Bd7 15. Qb3 Bg7 16. Nd2 f5 17. Nc4 Nc8 18. b5 g5 19. exf5 Bxf5 20. Bf3 g4 21. Be4 Bxe4 22. Nxe4 Rf4 23. Rfe1 h5 24. bxa6 bxa6 25. Qb7 Ra7 26. Qb8 Qc7 27. Qxc7 Rxc7 28. g3 Rf3 29. Ncxd6 Rxc1 30. Rxc1 Nxd6 31. Nxd6 Rd3 32. Nf5 Bf8 33. Rc8 Kf7 34. Rc7+ Kf6 35. Ne3 a5 36. Rc6+ Kf7 37. Ra6 Bb4 38. Rh6 Bd2 39. Rxh5 Bxe3 40. fxe3 Rxe3 41. Rh7+ Kg6 42. Ra7 Kf5 43. Rxa5 Ke4 44. Rb5 Rd3 45. Kf2 Rd2+ 46. Ke1 Rxh2 47. d6 Rh7 48. a5 Rd7 49. Rb6 Kf3 50. a6 e4 51. Rb8 e3 52. Rf8+ Kxg3 53. Ke2 Kg2 54. Rf4 Rxd6 55. Rxg4+ Kh3 56. Ra4 Rd8 57. a7 Ra8 58. Kxe3 Kg3 59. Ke4 Kg4 60. Ke5+ Kg5 61. Kd6 Kf6 62. Kc7 1-0

[Event "Internet Section 15-B"]
[Site "Dos Hermanas"]
[Date "2003.03.15"]
[Round "5"]
[White "Ferreira, Antonio"]
[Black "Damaso, Rui"]
[Result "1-0"]
[WhiteElo "2221"]
[BlackElo "2429"]
[PlyCount "75"]
[EventDate "2003.03.15"]
[EventType "swiss (blitz)"]
[EventRounds "9"]
[EventCountry "ESP"]
[SourceTitle "EXT 2004"]
[Source "ChessBase"]
[SourceDate "2003.11.25"]
[SourceVersion "1"]
[SourceVersionDate "2003.11.25"]
[SourceQuality "1"]

1. e4 c5 2. Nf3 d6 3. d4 cxd4 4. Nxd4 Nf6 5. Nc3 Nc6 6. Bc4 Na5 7. Be2 a6 8. 0-0 e6 9. f4 Qc7 10. Be3 Bd7 11. Qe1 Nc4 12. Bc1 e5 13. fxe5 dxe5 14. Nf5 g6 15. Bg5 Ng8 16. Nd5 Qc5+ 17. Be3 Nxe3 18. Nfxe3 Be6 19. b4 Qa7 20. Kh1 Rc8 21. c4 b6 22. Qg3 Bg7 23. Rac1 Nh6 24. Qg5 0-0 25. Ne7+ Kh8 26. Nxc8 Rxc8 27. Nd5 Ng8 28. Qg3 f5 29. exf5 gxf5 30. Qf2 Rc6 31. a4 a5 32. bxa5 Qxa5 33. Rb1 Qxa4 34. Rxb6 Bxd5 35. cxd5 Rc2 36. Rb8 f4 37. Qf3 Qd7 38. Bd3 1-0

[Event "St Joao da Madeira op"]
[Site "St Joao da Madeira"]
[Date "2003.??.??"]
[Round "7"]
[White "Costa, Joao Guerra"]
[Black "Ferreira, Antonio"]
[Result "1-0"]
[WhiteElo "2082"]
[BlackElo "2221"]
[PlyCount "63"]
[EventDate "2003.??.??"]
[EventType "swiss"]
[EventRounds "7"]
[EventCountry "POR"]
[SourceTitle "EXT 2005"]
[Source "ChessBase"]
[SourceDate "2004.11.15"]
[SourceVersion "1"]
[SourceVersionDate "2004.11.15"]
[SourceQuality "1"]

1. e4 c5 2. Nf3 d6 3. d4 cxd4 4. Nxd4 Nf6 5. Nc3 a6 6. Be3 e6 7. g4 b5 8. g5 Nfd7 9. h4 Bb7 10. Bg2 Ne5 11. 0-0 Nbc6 12. f3 Nxd4 13. Bxd4 h6 14. f4 Ng6 15. Qg4 hxg5 16. hxg5 b4 17. Ne2 e5 18. Be3 Qc8 19. f5 Ne7 20. c4 bxc3 21. Rac1 d5 22. Nxc3 Qd7 23. exd5 g6 24. Ne4 Nxd5 25. Qg3 Be7 26. fxg6 fxg6 27. Qxe5 Rh7 28. Rfd1 Kf8 29. Nc3 Bd6 30. Rf1+ Nf4 31. Rxf4+ Kg8 32. Bd5+ 1-0

[Event "Almada"]
[Site "Almada"]
[Date "2003.??.??"]
[Round "?"]
[White "Ferreira, Antonio"]
[Black "Oliveira, Marco Alexandre Aze"]
[Result "1/2-1/2"]
[WhiteElo "2221"]
[BlackElo "2161"]
[PlyCount "90"]
[EventDate "2003.??.??"]
[EventType "tourn"]
[EventRounds "9"]
[EventCountry "POR"]
[SourceTitle "EXT 2007"]
[Source "ChessBase"]
[SourceDate "2006.11.23"]
[SourceVersion "1"]
[SourceVersionDate "2006.11.23"]
[SourceQuality "1"]

1. e4 c5 2. Nf3 d6 3. d4 cxd4 4. Nxd4 Nf6 5. Nc3 a6 6. Bg5 e6 7. f4 Be7 8. Qf3 Qc7 9. 0-0-0 Nbd7 10. g4 b5 11. Bxf6 gxf6 12. f5 Ne5 13. Qh3 b4 14. Nb1 exf5 15. exf5 Bb7 16. Bg2 Bxg2 17. Qxg2 Rc8 18. g5 Bf8 19. Rhe1 Be7 20. h4 Rg8 21. g6 hxg6 22. h5 g5 23. h6 Rh8 24. Rh1 Bf8 25. h7 Be7 26. Rd2 Qc4 27. b3 Qc5 28. Qe2 a5 29. Qh5 Kd7 30. Re1 Rcf8 31. Qh1 Rc8 32. Kd1 g4 33. Qh5 Rcf8 34. Qh1 Kc7 35. a4 Kb8 36. Rxe5 dxe5 37. Nc6+ Kc7 38. Nxe7 Qxe7 39. Qd5 Kb8 40. Qxa5 Rc8 41. Qb6+ Qb7 42. Qxf6 Qh1+ 43. Ke2 Qf3+ 44. Ke1 Qh1+ 45. Ke2 Qf3+ 1/2-1/2

[Event "Almada"]
[Site "Almada"]
[Date "2003.??.??"]
[Round "?"]
[White "Morais, Vitor Mestre"]
[Black "Ferreira, Antonio"]
[Result "1-0"]
[WhiteElo "2101"]
[BlackElo "2221"]
[PlyCount "69"]
[EventDate "2003.??.??"]
[EventType "tourn"]
[EventRounds "9"]
[EventCountry "POR"]
[SourceTitle "EXT 2007"]
[Source "ChessBase"]
[SourceDate "2006.11.23"]
[SourceVersion "1"]
[SourceVersionDate "2006.11.23"]
[SourceQuality "1"]

1. Nf3 Nf6 2. g3 c5 3. Bg2 d5 4. 0-0 Nc6 5. d3 e5 6. c4 dxc4 7. Qa4 Qa5 8. Qxc4 Be6 9. Qc2 Be7 10. Nc3 0-0 11. h3 Rac8 12. Qd1 Rfd8 13. Ng5 c4 14. Nxe6 fxe6 15. Be3 Qa6 16. Qa4 Qxa4 17. Nxa4 cxd3 18. exd3 Rxd3 19. Rac1 Nd5 20. Nc5 Nd4 21. Nxd3 Ne2+ 22. Kh2 Nxc1 23. Rxc1 Rd8 24. Nxe5 Nxe3 25. fxe3 h5 26. h4 Rd2 27. Rc8+ Kh7 28. Kh3 Bf6 29. Be4+ g6 30. Rc7+ Kg8 31. Nxg6 Rxb2 32. Rxb7 Rxa2 33. Nf4 a5 34. Bh7+ Kf8 35. Nxe6+ 1-0

[Event "St Joao da Madeira op"]
[Site "St Joao da Madeira"]
[Date "2003.??.??"]
[Round "3"]
[White "Pinheiro, Albano Guise"]
[Black "Ferreira, Antonio"]
[Result "1-0"]
[WhiteElo "2111"]
[BlackElo "2221"]
[PlyCount "33"]
[EventDate "2003.??.??"]
[EventType "swiss"]
[EventRounds "7"]
[EventCountry "POR"]
[SourceTitle "EXT 2005"]
[Source "ChessBase"]
[SourceDate "2004.11.15"]
[SourceVersion "1"]
[SourceVersionDate "2004.11.15"]
[SourceQuality "1"]

1. e4 c5 2. Nf3 d6 3. d4 cxd4 4. Nxd4 Nf6 5. Nc3 a6 6. Bg5 e6 7. f4 Qc7 8. Qf3 b5 9. 0-0-0 Be7 10. e5 Bb7 11. Qg3 dxe5 12. fxe5 Nh5 13. Qh4 g6 14. Bxb5+ Kf8 15. Nxe6+ fxe6 16. Bxe7+ Kg7 17. Bf6+ 1-0

[Event "POR Cup fin"]
[Site "Guarda"]
[Date "2000.07.02"]
[Round "2.2"]
[White "Ferreira, Antonio"]
[Black "Leonardo, Joao Paulo L"]
[Result "0-1"]
[WhiteElo "2216"]
[BlackElo "2301"]
[PlyCount "70"]
[EventDate "2000.07.01"]
[EventType "team"]
[EventRounds "2"]
[EventCountry "POR"]
[SourceTitle "EXT 2001"]
[Source "ChessBase"]
[SourceDate "2000.11.22"]
[SourceVersion "1"]
[SourceVersionDate "2000.11.22"]
[SourceQuality "1"]

1. e4 Nc6 2. Nf3 d6 3. d4 Nf6 4. Nbd2 Bg4 5. c3 e5 6. d5 Nb8 7. h3 Bh5 8. Bd3 Nbd7 9. 0-0 Be7 10. Re1 0-0 11. Nf1 Re8 12. g4 Bg6 13. Ng3 Nc5 14. Bc2 a5 15. Rb1 a4 16. b4 axb3 17. axb3 Ra2 18. b4 Ncd7 19. Bb3 Ra8 20. Nh4 Bxe4 21. Nxe4 Nxe4 22. Rxe4 Bxh4 23. Bc2 Bg5 24. Qd3 Bxc1 25. Rxc1 g6 26. Ree1 Qg5 27. Qe3 Qxe3 28. fxe3 Ra3 29. Bb1 b6 30. Bd3 Rea8 31. Bb5 Nf6 32. c4 Rb3 33. Ra1 Rxa1 34. Rxa1 Rxb4 35. Ra7 Nxd5 0-1

[Event "POR Cup fin"]
[Site "Guarda"]
[Date "2000.07.01"]
[Round "1.2"]
[White "Leonardo, Joao Paulo L"]
[Black "Ferreira, Antonio"]
[Result "0-1"]
[WhiteElo "2301"]
[BlackElo "2216"]
[PlyCount "148"]
[EventDate "2000.07.01"]
[EventType "team"]
[EventRounds "2"]
[EventCountry "POR"]
[SourceTitle "EXT 2001"]
[Source "ChessBase"]
[SourceDate "2000.11.22"]
[SourceVersion "1"]
[SourceVersionDate "2000.11.22"]
[SourceQuality "1"]

1. e4 d6 2. d4 g6 3. c3 Bg7 4. Nf3 Nf6 5. Bd3 Nbd7 6. 0-0 e5 7. Re1 0-0 8. h3 b6 9. Na3 Bb7 10. d5 h6 11. Nc4 Nc5 12. Bc2 Bc8 13. b4 Nb7 14. Be3 Qe8 15. Qc1 Kh7 16. Bd2 Ng8 17. Ne3 f5 18. exf5 gxf5 19. Qb1 Qh5 20. Nf1 Kh8 21. Ng3 Qf7 22. Re2 e4 23. Nd4 Qxd5 24. Bb3 Qe5 25. Nh5 c5 26. Bf4 Qe7 27. Nxg7 cxd4 28. Nh5 Qh4 29. Qd1 d3 30. Re3 Nf6 31. Bxh6 Nxh5 32. Bxf8 Nf4 33. Rg3 Be6 34. Bg7+ Kh7 35. Bxe6 Nxe6 36. Bd4 d5 37. Qa4 Qe7 38. Qc6 Rd8 39. Bf6 Qd7 40. Qxd7+ Rxd7 41. Be5 Nbd8 42. Re3 Nc6 43. Bf6 Kg6 44. Bh4 d4 45. cxd4 Nxb4 46. Rg3+ Kf7 47. Bg5 Nc2 48. Rd1 Ncxd4 49. Kh2 Nxg5 50. Rxg5 Kf6 51. Rg8 f4 52. Rc8 Nc2 53. Rc4 Rd4 54. Rc6+ Ke7 55. Rc7+ Ke6 56. Rc6+ Kd5 57. Rc8 e3 58. Rd8+ Ke6 59. Rxd4 Nxd4 60. fxe3 fxe3 61. Rxd3 Nc2 62. Rd8 Ke7 63. Rd5 Kf6 64. Rd6+ Kf7 65. Rd5 e2 66. Re5 e1Q 67. Rxe1 Nxe1 68. g4 b5 69. Kg3 a5 70. Kf4 b4 71. Ke4 a4 72. Kd4 b3 73. Kc3 Nd3 74. a3 Nf2 0-1

[Event "POR-chT2"]
[Site "Lisbon"]
[Date "1998.??.??"]
[Round "?"]
[White "Alexandre, Jorge"]
[Black "Ferreira, Antonio"]
[Result "1/2-1/2"]
[WhiteElo "2265"]
[BlackElo "2290"]
[PlyCount "110"]
[EventDate "1998.??.??"]
[EventType "team"]
[EventRounds "8"]
[EventCountry "POR"]
[SourceTitle "EXT 2000"]
[Source "ChessBase"]
[SourceDate "1999.11.16"]
[SourceVersion "1"]
[SourceVersionDate "1999.11.16"]
[SourceQuality "1"]

1. c4 g6 2. d4 f5 3. Nc3 Nf6 4. f3 d6 5. e4 c5 6. d5 Bg7 7. exf5 Bxf5 8. Bd3 Bc8 9. Nge2 0-0 10. 0-0 Nbd7 11. f4 a6 12. a4 Rb8 13. Ng3 Kh8 14. Qe2 Rf7 15. Bd2 Ng8 16. Nge4 h6 17. Rae1 Nf8 18. Ng3 Nf6 19. b3 Ng4 20. h3 Bd4+ 21. Kh1 e5 22. fxe5 Rf2 23. Rxf2 Nxf2+ 24. Kh2 Qh4 25. e6 h5 26. Nce4 Ng4+ 27. Kh1 Nxe6 28. dxe6 Bxe6 29. Bg5 Nf2+ 30. Nxf2 Qxg5 31. Qxe6 Qxg3 32. Qxg6 Qxg6 33. Bxg6 Bxf2 34. Re2 Bg3 35. Bxh5 b5 36. Re8+ Rxe8 37. Bxe8 bxc4 38. bxc4 Kg7 39. Kg1 Kf6 40. Kf1 a5 41. Ke2 Kg5 42. Kf3 Kh4 43. Bc6 Be5 44. Bd7 Bg3 45. Bc6 Be5 46. Ke4 Kg5 47. Kd5 Bg3 48. Ke4 Be5 49. Bd7 Bg3 50. Bc8 Be5 51. g4 Bg3 52. Kd5 Be5 53. Ke6 Bf4 54. Bd7 Bg3 55. Kd5 Be5 1/2-1/2

[Event "FRA-ch op-B"]
[Site "Paris"]
[Date "1994.??.??"]
[Round "2"]
[White "Ferreira, Antonio"]
[Black "Bernard, Christophe"]
[Result "1-0"]
[WhiteElo "2315"]
[BlackElo "2355"]
[PlyCount "87"]
[EventDate "1994.??.??"]
[EventType "swiss"]
[EventRounds "9"]
[EventCountry "FRA"]
[SourceTitle "EXT 1998"]
[Source "ChessBase"]
[SourceDate "1997.11.17"]
[SourceVersion "1"]
[SourceVersionDate "1997.11.17"]
[SourceQuality "1"]

1. e4 e5 2. Nf3 Nc6 3. Bb5 a6 4. Ba4 b5 5. Bb3 Bb7 6. d4 exd4 7. Ng5 Nh6 8. Qf3 f6 9. Nh3 Ne5 10. Qe2 Bb4+ 11. c3 dxc3 12. bxc3 Bc5 13. Bxh6 Nd3+ 14. Qxd3 gxh6 15. 0-0 Qe7 16. Nd2 0-0-0 17. Rfe1 c6 18. c4 b4 19. Kh1 d6 20. f3 h5 21. Nf4 Qe5 22. Ne2 Rhg8 23. f4 Qe7 24. Qh3+ Kb8 25. Qxh5 Rg7 26. Ng3 Qf8 27. Nf5 Rgd7 28. Bc2 d5 29. Qf3 dxc4 30. Nxc4 Bd4 31. Rad1 c5 32. Rd3 Bc6 33. a4 Re8 34. Nb6 Rdd8 35. Rdd1 Qf7 36. Bb3 Qb7 37. Nd5 Re6 38. Nxd4 cxd4 39. Rxd4 Rxd5 40. Rxd5 Bxd5 41. Bxd5 Qxd5 42. f5 Re7 43. Qg3+ Re5 44. exd5 1-0

[Event "POR-chB"]
[Site "Portugal"]
[Date "1993.??.??"]
[Round "3"]
[White "Camejo Almeida, Rui"]
[Black "Ferreira, Antonio"]
[Result "1/2-1/2"]
[WhiteElo "2270"]
[BlackElo "2305"]
[PlyCount "28"]
[EventDate "1993.??.??"]
[EventType "tourn"]
[EventRounds "9"]
[EventCountry "POR"]
[EventCategory "2"]
[SourceTitle "TD"]
[Source "ChessBase"]
[SourceDate "1994.03.01"]
[SourceVersion "1"]
[SourceVersionDate "1994.03.01"]
[SourceQuality "1"]

1. d4 g6 2. c4 Bg7 3. Nf3 Nf6 4. g3 0-0 5. Bg2 d6 6. Nc3 c6 7. 0-0 Qa5 8. e4 Qh5 9. e5 dxe5 10. dxe5 Ng4 11. Re1 Nd7 12. Bf4 g5 13. Bxg5 Ndxe5 14. Bh4 Ng6 1/2-1/2

[Event "POR-chB"]
[Site "Portugal"]
[Date "1993.??.??"]
[Round "5"]
[White "Ferreira, Antonio"]
[Black "Rocha, Sergio MC"]
[Result "1-0"]
[WhiteElo "2305"]
[BlackElo "2335"]
[PlyCount "49"]
[EventDate "1993.??.??"]
[EventType "tourn"]
[EventRounds "9"]
[EventCountry "POR"]
[EventCategory "2"]
[SourceTitle "TD"]
[Source "ChessBase"]
[SourceDate "1994.03.01"]
[SourceVersion "1"]
[SourceVersionDate "1994.03.01"]
[SourceQuality "1"]

1. e4 c5 2. Nf3 d6 3. d4 cxd4 4. Nxd4 Nf6 5. Nc3 g6 6. Be3 Bg7 7. f3 0-0 8. Qd2 Nc6 9. Bc4 Bd7 10. h4 Rc8 11. Bb3 h5 12. 0-0-0 Ne5 13. Bg5 Rc5 14. g4 hxg4 15. h5 Nxh5 16. Nd5 Re8 17. f4 Nc4 18. Qe2 b5 19. f5 a5 20. Qxg4 a4 21. Bxc4 Rxc4 22. Rxh5 Rxd4 23. Rdh1 Rxd5 24. Rh8+ Bxh8 25. Qh4 1-0

[Event "POR-chB"]
[Site "Portugal"]
[Date "1993.??.??"]
[Round "8"]
[White "Silva, Fernando"]
[Black "Ferreira, Antonio"]
[Result "1/2-1/2"]
[WhiteElo "2335"]
[BlackElo "2305"]
[PlyCount "90"]
[EventDate "1993.??.??"]
[EventType "tourn"]
[EventRounds "9"]
[EventCountry "POR"]
[EventCategory "2"]
[SourceTitle "TD"]
[Source "ChessBase"]
[SourceDate "1994.03.01"]
[SourceVersion "1"]
[SourceVersionDate "1994.03.01"]
[SourceQuality "1"]

1. g3 g6 2. Bg2 Bg7 3. c4 d6 4. Nc3 e5 5. e3 Nf6 6. Nge2 0-0 7. d4 Nbd7 8. 0-0 Re8 9. b3 Nf8 10. dxe5 dxe5 11. Ba3 c6 12. Qxd8 Rxd8 13. Rad1 Be6 14. h3 N8d7 15. g4 Ne8 16. Rd2 Bf8 17. Bxf8 Kxf8 18. Rfd1 Ke7 19. Nd5+ Kf8 20. Ndc3 Ke7 21. Ne4 f6 22. N2c3 Nf8 23. Nc5 Rxd2 24. Rxd2 Nd6 25. N3e4 Nxe4 26. Bxe4 Rb8 27. f4 f5 28. gxf5 gxf5 29. Bf3 exf4 30. exf4 Ng6 31. Kf2 Nxf4 32. Kg3 Ng6 33. Re2 Nf8 34. Bd5 cxd5 35. cxd5 Kd6 36. dxe6 Ng6 37. e7 Nxe7 38. Re6+ Kxc5 39. Rxe7 Kb4 40. Rxh7 Ka3 41. Re7 Kxa2 42. Re3 a5 43. Kf4 b5 44. Kxf5 a4 45. bxa4 bxa4 1/2-1/2

[Event "Lisbon BNU op"]
[Site "Lisbon"]
[Date "1992.??.??"]
[Round "1"]
[White "Ferreira, Antonio"]
[Black "Charneira, Hermenegildo"]
[Result "1-0"]
[WhiteElo "2295"]
[BlackElo "2245"]
[PlyCount "51"]
[EventDate "1992.??.??"]
[EventType "swiss"]
[EventRounds "9"]
[EventCountry "POR"]
[SourceTitle "EXT 2002"]
[Source "ChessBase"]
[SourceDate "2001.11.25"]
[SourceVersion "1"]
[SourceVersionDate "2001.11.25"]
[SourceQuality "1"]

1. e4 d5 2. Nc3 d4 3. Nce2 Nc6 4. d3 e5 5. g3 Be7 6. Bg2 h5 7. h4 Nh6 8. Nf3 Bg4 9. c3 dxc3 10. bxc3 Qd7 11. Be3 0-0-0 12. d4 f5 13. Nxe5 Nxe5 14. dxe5 Qc6 15. Qb3 Qa6 16. Nf4 fxe4 17. Bf1 Qa5 18. Rb1 b6 19. Ng6 Bc5 20. Bxc5 Qxc5 21. Nxh8 e3 22. Ba6+ Kb8 23. 0-0 exf2+ 24. Rxf2 Rf8 25. Rbf1 Bh3 26. Qd5 1-0

[Event "Lisbon BNU op"]
[Site "Lisbon"]
[Date "1992.??.??"]
[Round "8"]
[White "Silva, Fernando"]
[Black "Ferreira, Antonio"]
[Result "0-1"]
[WhiteElo "2265"]
[BlackElo "2295"]
[PlyCount "104"]
[EventDate "1992.??.??"]
[EventType "swiss"]
[EventRounds "9"]
[EventCountry "POR"]
[SourceTitle "EXT 2002"]
[Source "ChessBase"]
[SourceDate "2001.11.25"]
[SourceVersion "1"]
[SourceVersionDate "2001.11.25"]
[SourceQuality "1"]

1. e4 g6 2. d4 Bg7 3. Nc3 c6 4. Bc4 d6 5. Qf3 e6 6. Nge2 d5 7. Bb3 Ne7 8. 0-0 0-0 9. Re1 Nd7 10. Bf4 a5 11. a4 b6 12. Rad1 Ba6 13. Qh3 Nf6 14. Bh6 Bxh6 15. Qxh6 dxe4 16. Ng3 Nf5 17. Qf4 Nd5 18. Qxe4 Nd6 19. Qf3 Nxc3 20. Qxc3 Rc8 21. Qe3 Re8 22. Qf4 Qe7 23. h4 Rcd8 24. h5 Kg7 25. Qe5+ Kg8 26. Re3 Qh4 27. hxg6 hxg6 28. Nf1 Qh8 29. Qg5 Nf5 30. Rh3 Qg7 31. c3 c5 32. dxc5 Rxd1 33. Bxd1 bxc5 34. Nh2 f6 35. Qd2 Qe7 36. Ng4 Rd8 37. Qe1 Kg7 38. Bf3 g5 39. Be4 Qd6 40. Bxf5 exf5 41. Ne3 Bd3 42. Qd1 f4 43. Nf1 Bf5 44. Qxd6 Rxd6 45. Rh1 Rd1 46. f3 Rb1 47. b3 Rxb3 48. Nd2 Rxc3 49. Kf2 Rc2 50. Ke2 c4 51. Kd1 Ra2 52. Re1 c3 0-1

[Event "Olympiad-28"]
[Site "Thessaloniki"]
[Date "1988.11.26"]
[Round "12"]
[White "Ochoa de Echaguen, Francisco Javier"]
[Black "Ferreira, Antonio"]
[Result "1-0"]
[WhiteElo "2450"]
[BlackElo "2300"]
[PlyCount "95"]
[EventDate "1988.11.13"]
[EventType "team-swiss"]
[EventRounds "14"]
[EventCountry "GRE"]
[SourceTitle "TD"]
[Source "ChessBase"]
[SourceDate "1994.03.01"]
[SourceVersion "1"]
[SourceVersionDate "1994.03.01"]
[SourceQuality "1"]
[WhiteTeam "Spain"]
[BlackTeam "Portugal"]
[WhiteTeamCountry "ESP"]
[BlackTeamCountry "POR"]

1. e4 c5 2. c3 e6 3. Nf3 Nc6 4. d4 d5 5. exd5 exd5 6. Be3 cxd4 7. Bxd4 Nxd4 8. Nxd4 Nf6 9. Bb5+ Bd7 10. Qe2+ Qe7 11. Bxd7+ Kxd7 12. Qxe7+ Bxe7 13. Nb3 Bd6 14. 0-0 Rhe8 15. N1d2 Re2 16. Rad1 Bf4 17. Rfe1 Rxe1+ 18. Rxe1 Bd6 19. h3 Re8 20. Rd1 Kc7 21. Kf1 a6 22. Nf3 h6 23. Nfd4 g6 24. Nc2 Bf8 25. Rd3 Bg7 26. Nb4 Rd8 27. Rf3 Rd7 28. Nc5 Rd8 29. Nc2 Kc6 30. Nd3 Kd6 31. Nf4 Re8 32. Rd3 Re4 33. g3 Kc5 34. Rd1 h5 35. f3 Re7 36. Nb4 Rd7 37. Nbd3+ Kd6 38. g4 Bh6 39. Kf2 Bxf4 40. Nxf4 hxg4 41. hxg4 Kc6 42. Rd4 Ne8 43. Nd3 Kd6 44. c4 Nc7 45. c5+ Ke6 46. Rb4 Nb5 47. c6 Rd8 48. Nc5+ 1-0

[Event "Olympiad-28"]
[Site "Thessaloniki"]
[Date "1988.11.23"]
[Round "10"]
[White "Stempin, Pawel"]
[Black "Ferreira, Antonio"]
[Result "1/2-1/2"]
[WhiteElo "2415"]
[BlackElo "2300"]
[PlyCount "118"]
[EventDate "1988.11.13"]
[EventType "team-swiss"]
[EventRounds "14"]
[EventCountry "GRE"]
[SourceTitle "TD"]
[Source "ChessBase"]
[SourceDate "1994.03.01"]
[SourceVersion "1"]
[SourceVersionDate "1994.03.01"]
[SourceQuality "1"]
[WhiteTeam "Poland"]
[BlackTeam "Portugal"]
[WhiteTeamCountry "POL"]
[BlackTeamCountry "POR"]

1. d4 Nf6 2. Nf3 g6 3. c4 Bg7 4. g3 0-0 5. Bg2 d6 6. Nc3 Nbd7 7. 0-0 e5 8. e4 c6 9. h3 Re8 10. Re1 a5 11. b3 exd4 12. Nxd4 Nc5 13. Bf4 Bf8 14. Qc2 Nfd7 15. Be3 Ne5 16. Rad1 Qc7 17. Rd2 a4 18. f4 axb3 19. axb3 Ned7 20. b4 Ne6 21. Nb3 Ng7 22. Bf2 f5 23. c5 dxc5 24. bxc5 Nf6 25. e5 Nd7 26. Ne2 Ne6 27. Qc4 Bg7 28. Rd6 Ndf8 29. Nc3 Qf7 30. Qb4 Kh8 31. Na5 g5 32. fxg5 Nxg5 33. h4 Nge6 34. Nc4 f4 35. Rd3 fxg3 36. Bxg3 Qg6 37. Ne4 Ra2 38. Rd2 Rxd2 39. Qxd2 Nxc5 40. Nxc5 Qxg3 41. Nd6 Rxe5 42. Rxe5 Bxe5 43. Nxc8 Qg4 44. Nxb7 Qxc8 45. Nd8 Qf5 46. Nxc6 Qb1+ 47. Kf2 Bf6 48. Qb4 Qf5+ 49. Bf3 Ng6 50. h5 Bh4+ 51. Ke3 Bg5+ 52. Kf2 Bh4+ 53. Ke3 Qg5+ 54. Kd3 Nf4+ 55. Kc2 Qf5+ 56. Be4 Qf7 57. Qb2+ Kg8 58. Qb3 Qxb3+ 59. Kxb3 Nxh5 1/2-1/2